000 00456nam a2200169 i 4500
001 34510
003 ES-MaACL
005 20250626063135.0
007 t|
008 030207s1936 fr ||||1| fre d
100 1 _aBlum, Léon,
_d1872-1950
_929583
245 1 3 _aLa rèforma gouvernementale /
_cLéon Blum.
260 _aParis :
_bBernard Grasset,
_c1936.
300 _a235 p. ;
_c19 cm.
852 _aES-MaACL
_jA-4556
999 _c34510
_d34510